Globalizing Seoul : (Record no. 26997)

MARC details
000 -LEADER
fixed length control field 00841cam a22002418i 4500
001 - CONTROL NUMBER
control field 26997
003 - CONTROL NUMBER IDENTIFIER
control field BD-DhIUB
005 - DATE AND TIME OF LATEST TRANSACTION
control field 20230910115237.0
008 - FIXED-LENGTH DATA ELEMENTS--GENERAL INFORMATION
fixed length control field 170119s2017 enk b 001 0 eng
020 ## - INTERNATIONAL STANDARD BOOK NUMBER
ISBN 9781138777736 (hardback : alk. paper)
040 ## - CATALOGING SOURCE
Transcribing agency BD-DhIUB
082 00 - DEWEY DECIMAL CLASSIFICATION NUMBER
Edition number 23
Classification number 307.76095195
Item number Y952g
100 1# - MAIN ENTRY--PERSONAL NAME
Personal name Yun, Jieheerah,
Relator term author.
245 10 - TITLE STATEMENT
Title Globalizing Seoul :
Remainder of title the city's cultural and urban change /
Statement of responsibility, etc Jieheerah Yun.
264 #1 -
-- New York, NY :
-- Routledge,
-- c2017.
300 ## - PHYSICAL DESCRIPTION
Extent 170 p. :
Other physical details ill. ;
Dimensions 24 cm.
490 0# - SERIES STATEMENT
Series statement Planning, history and environment series
504 ## - BIBLIOGRAPHY, ETC. NOTE
Bibliography, etc Includes bibliographical references and index.
650 #0 - SUBJECT ADDED ENTRY--TOPICAL TERM
Topical term or geographic name as entry element Urbanization
Geographic subdivision Korea (South)
-- Seoul.
650 #0 - SUBJECT ADDED ENTRY--TOPICAL TERM
Topical term or geographic name as entry element Urban policy
Geographic subdivision Korea (South)
-- Seoul.
651 #0 - SUBJECT ADDED ENTRY--GEOGRAPHIC NAME
Geographic name Seoul (Korea)
General subdivision Economic conditions
Chronological subdivision 21st century.
942 ## - ADDED ENTRY ELEMENTS (KOHA)
Source of classification or shelving scheme Dewey Decimal Classification
Koha item type Books
Suppress in OPAC 0

No items available.